000 00944cab a2200241 4500
001 WB3247-33
008 090401t1996 xxu||||| |||| 00| 0 eng d
035 _a(Sirsi) u69436
041 _aeng
245 _aRent review
260 _c1996
350 _a0
490 _aEstates Gazette Case Summaries
_v[1996] EGCS 189 (7/12/96)
520 _a"Royal Insurance Property Services Ltd v Cliffway Ltd" ChD 20 November 1996. Despite the lack of an express ratchet provision, it was clear that the review clause was geared to increases. The tenants attempts to seek a declaration that they were entitled to initiate the review provisions were refused.
650 _aRATCHET PROVISION
650 _aRENT REVIEW CLAUSES
650 _aRENTAL VALUE
650 _aROYAL INSURANCE PROPERTY SERVICES LTD V CLIFFWAY LTD
650 _aTRIGGER NOTICES
690 _aLANDLORD AND TENANT-CASE LAW-RENT REVIEWS
942 _n0
948 _c04/03/1997
999 _c43608
_d43608